| 000 | 01741nam a2200325 a 4500 | ||
|---|---|---|---|
| 001 | 000035232 | ||
| 005 | 20200930074207.0 | ||
| 008 | 111026s1990 sp 000 0 spa d | ||
| 020 | _a9580410216 | ||
| 040 |
_aDO-SdBNP _bspa _cBNPHU |
||
| 082 |
_a813.5 _bH399h |
||
| 100 | 1 |
_aHawthorne, Nathaniel, _d1804-1864 _99987 |
|
| 240 | 1 | 4 |
_aThe holocaust of the world _lespañol |
| 245 | 1 | 3 |
_aEl holocausto del mundo ; _bA propósito de Hawthorne y su obra. / _cNathaniel Hawthorne ; traducción Carlos José Restrepo L. |
| 260 |
_aBogotá : _bEditorial Norma, _c1990. |
||
| 300 |
_a170, 71 p. ; _c19 cm. |
||
| 490 | 1 | _aCara cruz | |
| 500 | _aTraducido del inglés. | ||
| 501 | _aPublicado con: A propósito de Hawthorne y su obra. | ||
| 504 | _aBibliografía : p. 71 | ||
| 505 | 0 |
_tEl holocausto del mundo -- _tEl joven Goodman Brown -- _tEl velo negro del pastol -- _tLa ambición del forastero Ethan Bran -- _tEl entierro de Roger Malvin -- _gA propósito de su obra -- _tPrefacio a la tercera edición de Twice told tales / _rNathaniel Hawthorne -- _tBiografía, () los resplandores de la culpa / _rCarlos José Restrepo L. -- _tCuadernos de apuntes / _rNathaniel Hawthorne -- _tHawthorne y sus musgos / _rHerman Melville -- _tCitas a propósito de Hawthorne y su obra -- _tCronología -- _tBibliografía. |
|
| 563 | _aDos obras con encuadernación invertida en paginación independiente. | ||
| 600 | 1 | 4 |
_aHAWTHORNE, NATHANIEL, _d1804-1864 _xCRÍTICA E INTERPRETACIÓN _960983 |
| 650 | 4 |
_aCuentos estadounidense _910646 |
|
| 650 | 4 |
_aLiteratura estadounidense _9263 |
|
| 700 | 1 |
_aRestrepo L., Carlos José, _etr. _960984 |
|
| 740 | 1 | 2 | _aApropósito de Hawthorne y su obra |
| 830 | 0 |
_aCara cruz _960985 |
|
| 910 | _aValidado. Control de calidad BNPHU | ||
| 999 |
_c34723 _d34723 |
||